[Event "YUG-chT2"]
[Site "Tivat"]
[Date "1995.??.??"]
[Round "7"]
[White "Jacimovic, Dragoljub"]
[Black "Kurcubic, Aleksandar"]
[Result "0-1"]
[WhiteElo "2425"]
[BlackElo "2270"]
[PlyCount "120"]
[EventDate "1995.??.??"]
[EventType "team"]
[EventRounds "11"]
[EventCountry "YUG"]
[SourceTitle "EXT 2002"]
[Source "ChessBase"]
[SourceDate "2001.11.25"]
[SourceVersion "1"]
[SourceVersionDate "2001.11.25"]
[SourceQuality "1"]

1. d4 Nf6 2. c4 e6 3. Nc3 Bb4 4. Qc2 d5 5. cxd5 exd5 6. Bg5 0-0 7. e3 Nbd7 8. Bd3 Be7 9. Nf3 c6 10. 0-0 Re8 11. a3 Nf8 12. b4 Ne4 13. Bf4 Nxc3 14. Qxc3 a6 15. a4 Ne6 16. Bg3 Qb6 17. Rab1 a5 18. b5 c5 19. dxc5 Nxc5 20. Be5 Nxd3 21. Qxd3 Be6 22. Rfc1 Rec8 23. Qd2 Bb4 24. Qb2 Bf8 25. Nd2 f6 26. Bd4 Qd8 27. Rxc8 Rxc8 28. Rc1 Bb4 29. Bc3 Qc7 30. Nb1 Qc4 31. Bd2 Qd3 32. Rxc8+ Bxc8 33. Qc1 Bf5 34. Bxb4 axb4 35. Nd2 Qc3 36. Qxc3 bxc3 37. Nb3 Bc2 38. Nc5 Bxa4 39. b6 c2 40. Nd3 Bb5 41. Nc1 Kf7 42. f3 Ke6 43. Kf2 Kd6 44. Ke1 Kc6 45. Kd2 Bc4 46. Kxc2 Kxb6 47. Kc3 Kc5 48. h4 b5 49. g4 b4+ 50. Kc2 d4 51. e4 h6 52. f4 Kd6 53. h5 Ke6 54. Kd2 b3 55. Nd3 Bxd3 56. Kxd3 Kd6 57. Kd2 Kc5 58. Kd3 Kb4 59. g5 b2 60. Kc2 Ka3 0-1

[Event "YUG-chT2"]
[Site "Tivat"]
[Date "1995.??.??"]
[Round "6"]
[White "Kurcubic, Aleksandar"]
[Black "Konjevic, Djordjije"]
[Result "0-1"]
[WhiteElo "2270"]
[BlackElo "2380"]
[PlyCount "76"]
[EventDate "1995.??.??"]
[EventType "team"]
[EventRounds "11"]
[EventCountry "YUG"]
[SourceTitle "EXT 2002"]
[Source "ChessBase"]
[SourceDate "2001.11.25"]
[SourceVersion "1"]
[SourceVersionDate "2001.11.25"]
[SourceQuality "1"]

1. e4 d6 2. d4 Nf6 3. Nc3 g6 4. f3 c6 5. Be3 Nbd7 6. Qd2 Qa5 7. h4 b5 8. a3 a6 9. g4 h6 10. Bh3 Qc7 11. Nge2 Nb6 12. b3 Bg7 13. Rc1 Bd7 14. Kf2 Rd8 15. Kg2 c5 16. Rhe1 h5 17. g5 Ng4 18. Bg1 Bc8 19. d5 0-0 20. Kg3 Ne5 21. Bg2 Qd7 22. Nf4 Qb7 23. Rcd1 Bd7 24. Nce2 a5 25. Nd3 b4 26. axb4 axb4 27. Nxe5 Bxe5+ 28. f4 Bg7 29. c3 bxc3 30. Nxc3 Ra8 31. Ra1 Rxa1 32. Rxa1 Ra8 33. Rxa8+ Qxa8 34. Qc2 Qa1 35. Nb1 Bb5 36. b4 Ba4 37. Qc1 Bd4 38. bxc5 dxc5 0-1

[Event "YUG-chT2"]
[Site "Tivat"]
[Date "1995.??.??"]
[Round "9"]
[White "Notkin, Maksim"]
[Black "Kurcubic, Aleksandar"]
[Result "1-0"]
[WhiteElo "2485"]
[BlackElo "2270"]
[PlyCount "95"]
[EventDate "1995.??.??"]
[EventType "team"]
[EventRounds "11"]
[EventCountry "YUG"]
[SourceTitle "EXT 2002"]
[Source "ChessBase"]
[SourceDate "2001.11.25"]
[SourceVersion "1"]
[SourceVersionDate "2001.11.25"]
[SourceQuality "1"]

1. d4 Nf6 2. c4 e6 3. Nf3 b6 4. a3 d5 5. Nc3 c6 6. Qc2 Be7 7. e4 dxe4 8. Nxe4 Nbd7 9. Bd3 Bb7 10. 0-0 Nxe4 11. Bxe4 Nf6 12. Bd3 0-0 13. Rd1 Qc7 14. Qe2 c5 15. dxc5 bxc5 16. Ne5 Rad8 17. Bf4 Qb6 18. Rd2 Bc6 19. h3 Qb7 20. Nxc6 Qxc6 21. Rad1 Rd7 22. Bxh7+ Kxh7 23. Rxd7 Nxd7 24. Qd3+ Kg8 25. Qxd7 Qxd7 26. Rxd7 Bf6 27. Bd6 Rc8 28. b3 Rc6 29. Bc7 Bb2 30. a4 Kf8 31. Bf4 e5 32. Bg5 f6 33. Be3 a6 34. Kf1 Ba3 35. Rb7 Rd6 36. Ke2 e4 37. g4 Kg8 38. a5 Bb4 39. Rb6 Rd3 40. Rxa6 Rxb3 41. Rb6 Rb2+ 42. Kf1 Ra2 43. a6 Kh7 44. h4 Ra4 45. Kg2 Ra3 46. a7 g5 47. hxg5 fxg5 48. Rb8 1-0

[Event "YUG-chT"]
[Site "Nis"]
[Date "1994.??.??"]
[Round "?"]
[White "Bogdanovski, Vlatko"]
[Black "Kurcubic, Aleksandar"]
[Result "1-0"]
[WhiteElo "2515"]
[BlackElo "2285"]
[PlyCount "145"]
[EventDate "1994.10.??"]
[EventType "team"]
[EventRounds "11"]
[EventCountry "YUG"]
[SourceTitle "EXT 1997"]
[Source "ChessBase"]
[SourceDate "1996.11.15"]
[SourceVersion "1"]
[SourceVersionDate "1996.11.15"]
[SourceQuality "1"]

1. d4 Nf6 2. Nf3 e6 3. g3 b6 4. Bg2 Bb7 5. c4 d5 6. Ne5 Be7 7. Nc3 0-0 8. 0-0 Ne4 9. cxd5 Nxc3 10. bxc3 Bxd5 11. e4 Bb7 12. Qa4 c6 13. Rd1 b5 14. Qb3 Nd7 15. Nd3 Qb6 16. a4 a6 17. Be3 c5 18. dxc5 Nxc5 19. Qb4 Rac8 20. axb5 axb5 21. c4 Qc7 22. Bxc5 Bxc5 23. Nxc5 Qxc5 24. Qxb5 Rc7 25. Qxc5 Rxc5 26. Ra7 Bc6 27. Rc1 Rc8 28. f3 h5 29. Bf1 h4 30. g4 f5 31. gxf5 exf5 32. Bh3 g6 33. Kf2 Be8 34. exf5 Rxc4 35. Rxc4 Rxc4 36. fxg6 Rc2+ 37. Ke3 Bxg6 38. Be6+ Kf8 39. h3 Bh5 40. Kf4 Rc3 41. Bg4 Rc5 42. Bxh5 Rxh5 43. Kg4 Rh6 44. Kg5 Rb6 45. f4 Rc6 46. f5 Rc1 47. Kg6 Rg1+ 48. Kf6 Kg8 49. Ra8+ Kh7 50. Ra4 Rb1 51. Rxh4+ Kg8 52. Re4 Kf8 53. h4 Rb6+ 54. Re6 Rb7 55. h5 Rf7+ 56. Kg5 Rb7 57. h6 Rb1 58. Ra6 Kg8 59. Kg6 Rg1+ 60. Kf6 Kh7 61. Ke7 Rb1 62. Rd6 Rb7+ 63. Rd7 Rb8 64. Rd8 Rb7+ 65. Kf6 Rb1 66. Re8 Rb6+ 67. Kg5 Rb7 68. f6 Rb5+ 69. Kg4 Rg5+ 70. Kf4 Rg1 71. Kf5 Rf1+ 72. Ke6 Kg6 73. Rg8+ 1-0

[Event "YUG-chT2"]
[Site "Yugoslavia"]
[Date "1994.??.??"]
[Round "4"]
[White "Kurcubic, Aleksandar"]
[Black "Miljanic, Boro"]
[Result "1-0"]
[WhiteElo "2285"]
[BlackElo "2385"]
[PlyCount "87"]
[EventDate "1994.??.??"]
[EventType "team"]
[EventRounds "11"]
[EventCountry "YUG"]
[SourceTitle "EXT 1997"]
[Source "ChessBase"]
[SourceDate "1996.11.15"]
[SourceVersion "1"]
[SourceVersionDate "1996.11.15"]
[SourceQuality "1"]

1. d4 g6 2. e4 Bg7 3. Nf3 d6 4. Be2 Nf6 5. Nc3 0-0 6. 0-0 c6 7. Re1 Nbd7 8. Bg5 h6 9. Bf4 Nh5 10. Be3 e5 11. Qd2 Kh7 12. Rad1 Qe7 13. dxe5 dxe5 14. Qd6 Qxd6 15. Rxd6 Nf4 16. Bc4 Nb6 17. Bb3 Bg4 18. Nh4 Nc8 19. Rd2 Bf6 20. g3 Ne6 21. f3 Bh3 22. Ng2 Nb6 23. a4 Ng5 24. Kf2 Be6 25. h4 Nh3+ 26. Ke2 Nc4 27. Rh1 g5 28. Bxc4 Bxc4+ 29. Ke1 Be6 30. Rd6 gxh4 31. Rxe6 fxe6 32. Rxh3 Bg5 33. Bxg5 hxg5 34. gxh4 gxh4 35. Nxh4 Kg7 36. Ng2 Rh8 37. Rg3+ Kf7 38. Ne3 Rh2 39. Ncd1 Rah8 40. Nf2 R8h5 41. Neg4 R2h4 42. Ke2 Ke7 43. Rg1 Rg5 44. Rd1 1-0